000 00761nam a2200241Ia 4500
003 GCL
008 140319s9999 xx 000 0 ara d
040 _aGCL /
_cGCL
082 0 4 _a090
_bم م
100 1 _aمحمد ابراهيم السيد
245 1 0 _aمقدمة للوثائق العربية /
_cمحمد ابراهيم السيد
260 _aالقاهرة :
_bدار الثقافة للنشر والتوزيع ،
_c1993
300 _a165 ص
490 _aالوثائق العربية
_v0
650 0 4 _aتاريخ
650 0 4 _aالعلم
650 0 4 _aالوثائق
650 0 4 _aالمخطوطات
650 0 4 _aترميم
650 0 4 _aالوثائق - تاريخ
650 0 4 _aالوثائق - حفظ وترتيب
942 _2ddc
_cBK
999 _c27719
_d27719